[Event "Deutsche Ländermeisterschaft 2022"]
[Site "Wiesbaden GER"]
[Date "2022.10.01"]
[Round "2"]
[White "von Mettenheim, Johannes"]
[Black "Laux, Dominik"]
[Result "1-0"]
[Termination "normal"]
[Board "2.3"]
[BlackTitle "FM"]
[WhiteElo "2231"]
[BlackElo "2248"]
[WhiteClock "00:31:09"]
[BlackClock "00:30:40"]
[WhiteTeam "Niedersachsen"]
[BlackTeam "Hessen"]
[PlyCount "89"]
[WhiteFideId "16244818"]
[BlackFideId "12994219"]
[EventCountry "GER"]
[EventRounds "7"]
[EventType "team-swiss"]
[EventDate "2022.09.30"]

1. d4 {[%emt 00:05:16]} d5 {[%clk 01:30:43]} {[%emt 00:00:03]} 2. c4 {[%clk
01:31:16]} {[%emt 00:00:10]} c6 {[%clk 01:30:52]} {[%emt 00:00:20]} 3. Nc3
{[%clk 01:31:24]} {[%emt 00:00:21]} Nf6 {[%clk 01:31:11]} {[%emt 00:00:12]} 4.
Nf3 {[%clk 01:31:47]} {[%emt 00:00:07]} e6 {[%clk 01:31:27]} {[%emt 00:00:14]}
5. Bg5 {[%clk 01:32:01]} {[%emt 00:00:16]} Nbd7 {[%clk 01:31:31]} {[%emt
00:00:26]} 6. e3 {[%clk 01:32:15]} {[%emt 00:00:15]} Qa5 {[%clk 01:31:35]}
{[%emt 00:00:26]} 7. Nd2 {[%clk 01:32:10]} {[%emt 00:00:36]} Bb4 {[%clk
01:30:46]} {[%emt 00:01:19]} 8. Qc2 {[%clk 01:31:38]} {[%emt 00:01:02]} dxc4
{[%clk 01:30:49]} {[%emt 00:00:26]} 9. Bxf6 {[%clk 01:31:50]} {[%emt 00:00:19]}
Nxf6 {[%clk 01:31:15]} {[%emt 00:00:04]} 10. Nxc4 {[%clk 01:31:09]} {[%emt
00:01:10]} Qc7 {[%clk 01:31:38]} {[%emt 00:00:07]} 11. Qb3 {[%clk 01:16:56]}
{[%emt 00:14:44]} c5 {[%clk 01:28:11]} {[%emt 00:03:57]} 12. Be2 {[%clk
01:12:42]} {[%emt 00:04:43]} Bd7 {[%clk 01:24:35]} {[%emt 00:04:06]} 13. O-O
{[%clk 01:09:27]} {[%emt 00:03:45]} Bxc3 {[%clk 01:17:12]} {[%emt 00:07:53]}
14. bxc3 {[%clk 01:03:46]} {[%emt 00:06:11]} O-O {[%clk 01:14:59]} {[%emt
00:02:42]} 15. Ne5 {[%clk 01:03:18]} {[%emt 00:00:58]} Rab8 {[%clk 01:09:49]}
{[%emt 00:05:41]} 16. Qa3 {[%clk 00:51:59]} {[%emt 00:11:49]} b6 {[%clk
01:07:02]} {[%emt 00:03:17]} 17. Bf3 {[%clk 00:50:16]} {[%emt 00:02:13]} Rfd8
{[%clk 01:04:51]} {[%emt 00:02:42]} 18. Rab1 {[%clk 00:50:05]} {[%emt
00:00:41]} Nd5 {[%clk 00:58:41]} {[%emt 00:06:40]} 19. Nd3 {[%clk 00:47:55]}
{[%emt 00:02:40]} c4 {[%clk 00:48:55]} {[%emt 00:10:16]} 20. Ne5 {[%clk
00:38:06]} {[%emt 00:10:19]} Be8 {[%clk 00:46:36]} {[%emt 00:02:49]} 21. e4
{[%clk 00:36:55]} {[%emt 00:01:41]} Nf6 {[%clk 00:44:44]} {[%emt 00:02:22]} 22.
Rfd1 {[%clk 00:32:41]} {[%emt 00:04:43]} a5 {[%clk 00:42:26]} {[%emt 00:02:49]}
23. h4 {[%clk 00:28:53]} {[%emt 00:04:19]} b5 {[%clk 00:37:31]} {[%emt
00:05:25]} 24. Qc5 {[%clk 00:24:29]} {[%emt 00:04:53]} Qxc5 {[%clk 00:26:06]}
{[%emt 00:11:54]} 25. dxc5 {[%clk 00:24:52]} {[%emt 00:00:07]} Rdc8 {[%clk
00:18:27]} {[%emt 00:08:10]} 26. c6 {[%clk 00:24:47]} {[%emt 00:00:35]} h5
{[%clk 00:13:56]} {[%emt 00:05:01]} 27. Rb2 {[%clk 00:17:39]} {[%emt 00:07:37]}
b4 {[%clk 00:11:32]} {[%emt 00:02:54]} 28. Rd4 {[%clk 00:05:04]} {[%emt
00:13:05]} Rb5 {[%clk 00:06:46]} {[%emt 00:05:16]} 29. Nxc4 {[%clk 00:03:26]}
{[%emt 00:02:08]} bxc3 {[%clk 00:05:47]} {[%emt 00:01:29]} 30. Rc2 {[%clk
00:02:01]} {[%emt 00:01:55]} Bxc6 {[%clk 00:03:07]} {[%emt 00:03:10]} 31. Nd6
{[%clk 00:01:47]} {[%emt 00:00:45]} Rb1+ {[%clk 00:02:59]} {[%emt 00:00:38]}
32. Kh2 {[%clk 00:02:04]} {[%emt 00:00:13]} Ba4 {[%clk 00:03:13]} {[%emt
00:00:15]} 33. Rxa4 {[%clk 00:02:15]} {[%emt 00:00:20]} Rb2 {[%clk 00:02:30]}
{[%emt 00:01:13]} 34. Rc1 {[%clk 00:01:21]} {[%emt 00:01:24]} Rc5 {[%clk
00:02:14]} {[%emt 00:00:46]} 35. Nc4 {[%clk 00:01:12]} {[%emt 00:00:38]} Rb4
{[%clk 00:02:16]} {[%emt 00:00:28]} 36. Rxb4 {[%clk 00:01:35]} {[%emt
00:00:08]} axb4 {[%clk 00:02:42]} {[%emt 00:00:04]} 37. Ne3 {[%clk 00:01:41]}
{[%emt 00:00:23]} Ra5 {[%clk 00:01:53]} {[%emt 00:01:19]} 38. Rc2 {[%clk
00:01:37]} {[%emt 00:00:35]} Nd7 {[%clk 00:01:50]} {[%emt 00:00:33]} 39. Be2
{[%clk 00:01:33]} {[%emt 00:00:34]} Nb6 {[%clk 00:00:47]} {[%emt 00:01:33]} 40.
Nc4 {[%clk 00:01:45]} {[%emt 00:00:18]} Rxa2 {[%clk 00:01:11]} {[%emt
00:00:06]} 41. Rxa2 {[%clk 00:01:50]} {[%emt 00:00:25]} b3 {[%clk 00:01:37]}
{[%emt 00:00:04]} 42. Ra1 {[%clk 00:30:01]} {[%emt 00:02:19]} Nxc4 {[%clk
00:29:44]} {[%emt 00:02:23]} 43. Bxc4 {[%clk 00:30:24]} {[%emt 00:00:08]} b2
{[%clk 00:30:12]} {[%emt 00:00:02]} 44. Ra8+ {[%clk 00:30:45]} {[%emt
00:00:08]} Kh7 {[%clk 00:30:40]} {[%emt 00:00:03]} 45. Bd3 {[%clk 00:31:09]}
{[%emt 00:00:06]} 1-0

[Event "Deutsche Ländermeisterschaft 2022"]
[Site "Wiesbaden GER"]
[Date "2022.10.01"]
[Round "2"]
[White "Hagner, Bennet"]
[Black "Kieselbach, Jannik"]
[Result "1-0"]
[Termination "normal"]
[Board "2.4"]
[WhiteElo "2253"]
[BlackElo "1848"]
[WhiteClock "00:01:08"]
[BlackClock "00:30:30"]
[WhiteTeam "Hessen"]
[BlackTeam "Niedersachsen"]
[PlyCount "76"]
[WhiteFideId "16224477"]
[BlackFideId "16246403"]
[EventCountry "GER"]
[EventRounds "7"]
[EventType "team-swiss"]
[EventDate "2022.09.30"]

1. e4 {[%clk 01:30:59]} c5 {[%clk 01:30:50]} {[%emt 00:00:10]} 2. Nf3 {[%clk
01:31:25]} {[%emt 00:00:04]} d6 {[%clk 01:31:10]} {[%emt 00:00:09]} 3. d4
{[%clk 01:31:51]} {[%emt 00:00:04]} cxd4 {[%clk 01:31:33]} {[%emt 00:00:06]} 4.
Nxd4 {[%clk 01:32:17]} {[%emt 00:00:05]} Nf6 {[%clk 01:31:56]} {[%emt
00:00:07]} 5. Nc3 {[%clk 01:32:42]} {[%emt 00:00:05]} a6 {[%clk 01:32:20]}
{[%emt 00:00:07]} 6. Bd3 {[%clk 01:32:42]} {[%emt 00:00:29]} e5 {[%clk
01:32:40]} {[%emt 00:00:09]} 7. Nde2 {[%clk 01:33:07]} {[%emt 00:00:05]} Be7
{[%clk 01:32:27]} {[%emt 00:00:43]} 8. O-O {[%clk 01:33:31]} {[%emt 00:00:07]}
O-O {[%clk 01:32:15]} {[%emt 00:00:42]} 9. Ng3 {[%clk 01:33:50]} {[%emt
00:00:11]} Nc6 {[%clk 01:28:02]} {[%emt 00:04:43]} 10. Nd5 {[%clk 01:33:49]}
{[%emt 00:00:30]} Be6 {[%clk 01:13:18]} {[%emt 00:15:14]} 11. c4 {[%clk
01:28:42]} {[%emt 00:05:37]} Nd7 {[%clk 01:04:35]} {[%emt 00:09:13]} 12. b3
{[%clk 01:13:43]} {[%emt 00:15:30]} Nc5 {[%clk 00:56:51]} {[%emt 00:08:13]} 13.
Be2 {[%clk 01:05:35]} {[%emt 00:08:38]} Nd4 {[%clk 00:50:29]} {[%emt 00:06:52]}
14. Be3 {[%clk 00:59:45]} {[%emt 00:06:20]} Nxe2+ {[%clk 00:38:20]} {[%emt
00:12:39]} 15. Qxe2 {[%clk 00:59:53]} {[%emt 00:00:22]} Bxd5 {[%clk 00:36:34]}
{[%emt 00:02:17]} 16. exd5 {[%clk 00:59:31]} {[%emt 00:00:52]} Nd7 {[%clk
00:29:01]} {[%emt 00:08:02]} 17. Rac1 {[%clk 00:53:19]} {[%emt 00:06:43]} f5
{[%clk 00:26:31]} {[%emt 00:03:00]} 18. Bd2 {[%clk 00:36:59]} {[%emt 00:16:50]}
h6 {[%clk 00:11:04]} {[%emt 00:15:57]} 19. f4 {[%clk 00:36:20]} {[%emt
00:01:09]} e4 {[%clk 00:10:51]} {[%emt 00:00:42]} 20. b4 {[%clk 00:28:41]}
{[%emt 00:08:10]} g6 {[%clk 00:07:23]} {[%emt 00:03:57]} 21. Be3 {[%clk
00:22:56]} {[%emt 00:06:16]} Rc8 {[%clk 00:05:08]} {[%emt 00:02:46]} 22. Qd2
{[%clk 00:21:30]} {[%emt 00:01:56]} Nf6 {[%clk 00:03:56]} {[%emt 00:01:42]} 23.
Ne2 {[%clk 00:20:21]} {[%emt 00:01:38]} Ng4 {[%clk 00:03:52]} {[%emt 00:00:33]}
24. Bd4 {[%clk 00:15:31]} {[%emt 00:05:21]} Qd7 {[%clk 00:02:52]} {[%emt
00:01:30]} 25. Rfd1 {[%clk 00:13:15]} {[%emt 00:02:46]} Nf6 {[%clk 00:01:59]}
{[%emt 00:01:23]} 26. Bb6 {[%clk 00:11:50]} {[%emt 00:01:55]} Bd8 {[%clk
00:01:56]} {[%emt 00:00:33]} 27. Bxd8 {[%clk 00:11:19]} {[%emt 00:01:01]} Rfxd8
{[%clk 00:01:40]} {[%emt 00:00:46]} 28. Nd4 {[%clk 00:10:54]} {[%emt 00:00:55]}
Re8 {[%clk 00:01:59]} {[%emt 00:00:11]} 29. Ne6 {[%clk 00:10:27]} {[%emt
00:00:57]} Re7 {[%clk 00:02:06]} {[%emt 00:00:22]} 30. Qd4 {[%clk 00:10:34]}
{[%emt 00:00:23]} Kf7 {[%clk 00:01:45]} {[%emt 00:00:51]} 31. Qb6 {[%clk
00:09:02]} {[%emt 00:02:02]} Ne8 {[%clk 00:00:56]} {[%emt 00:01:19]} 32. c5
{[%clk 00:05:14]} {[%emt 00:04:18]} dxc5 {[%clk 00:01:15]} {[%emt 00:00:11]}
33. bxc5 {[%clk 00:04:50]} {[%emt 00:00:54]} Nc7 {[%clk 00:00:58]} {[%emt
00:00:47]} 34. c6 {[%clk 00:02:53]} {[%emt 00:02:28]} bxc6 {[%clk 00:01:02]}
{[%emt 00:00:26]} 35. Nc5 {[%clk 00:02:17]} {[%emt 00:01:06]} Qd6 {[%clk
00:00:42]} {[%emt 00:00:50]} 36. Nb7 {[%clk 00:02:01]} {[%emt 00:00:46]} Qxf4
{[%clk 00:00:38]} {[%emt 00:00:34]} 37. Rxc6 {[%clk 00:01:02]} {[%emt
00:01:29]} e3 {[%clk 00:00:32]} {[%emt 00:00:37]} 38. Nd6+ {[%clk 00:01:08]}
{[%emt 00:00:24]} Kf8 {[%clk 00:30:30]} {[%emt 00:00:32]} 1-0

[Event "Deutsche Ländermeisterschaft 2022"]
[Site "Wiesbaden GER"]
[Date "2022.10.01"]
[Round "2"]
[White "Zöllner, Bente"]
[Black "Bezsonna, Polina"]
[Result "1/2-1/2"]
[Termination "normal"]
[Board "2.7"]
[WhiteElo "1756"]
[BlackElo "1649"]
[WhiteClock "00:12:35"]
[BlackClock "00:21:56"]
[WhiteTeam "Niedersachsen"]
[BlackTeam "Hessen"]
[PlyCount "117"]
[WhiteFideId "16230523"]
[BlackFideId "14191156"]
[EventCountry "GER"]
[EventRounds "7"]
[EventType "team-swiss"]
[EventDate "2022.09.30"]

1. d4 {[%clk 01:30:57]} {[%emt 00:00:02]} Nf6 {[%clk 01:30:51]} {[%emt
00:00:10]} 2. Nf3 {[%clk 01:31:16]} {[%emt 00:00:10]} g6 {[%clk 01:31:04]}
{[%emt 00:00:18]} 3. Bg5 {[%clk 01:31:32]} {[%emt 00:00:13]} Ne4 {[%clk
01:30:37]} {[%emt 00:00:58]} 4. Bh4 {[%clk 01:31:33]} {[%emt 00:00:29]} Bg7
{[%clk 01:27:22]} {[%emt 00:03:45]} 5. c3 {[%clk 01:29:35]} {[%emt 00:02:27]}
c5 {[%clk 01:25:31]} {[%emt 00:02:22]} 6. e3 {[%clk 01:24:40]} {[%emt
00:05:24]} cxd4 {[%clk 01:22:37]} {[%emt 00:03:24]} 7. cxd4 {[%clk 01:21:17]}
{[%emt 00:03:53]} d5 {[%clk 01:20:43]} {[%emt 00:02:25]} 8. Bd3 {[%clk
01:17:36]} {[%emt 00:04:10]} Qa5+ {[%clk 01:17:40]} {[%emt 00:03:33]} 9. Nbd2
{[%clk 01:15:20]} {[%emt 00:02:47]} Nxd2 {[%clk 01:17:51]} {[%emt 00:00:19]}
10. Nxd2 {[%clk 01:14:19]} {[%emt 00:01:30]} Nc6 {[%clk 01:16:14]} {[%emt
00:02:08]} 11. O-O {[%clk 01:12:30]} {[%emt 00:02:19]} O-O {[%clk 01:16:06]}
{[%emt 00:00:38]} 12. Nb3 {[%clk 01:09:22]} {[%emt 00:03:38]} Qd8 {[%clk
01:14:03]} {[%emt 00:02:33]} 13. Bb5 {[%clk 01:04:13]} {[%emt 00:05:39]} h6
{[%clk 01:08:56]} {[%emt 00:05:38]} 14. Rc1 {[%clk 01:01:56]} {[%emt 00:02:46]}
Bd7 {[%clk 01:02:16]} {[%emt 00:07:10]} 15. Nc5 {[%clk 00:57:31]} {[%emt
00:04:55]} Bc8 {[%clk 00:45:47]} {[%emt 00:16:58]} 16. Bxc6 {[%clk 00:52:21]}
{[%emt 00:05:39]} bxc6 {[%clk 00:45:55]} {[%emt 00:00:23]} 17. Qa4 {[%clk
00:50:48]} {[%emt 00:02:03]} Qe8 {[%clk 00:44:54]} {[%emt 00:01:32]} 18. Na6
{[%clk 00:47:28]} {[%emt 00:03:49]} Bxa6 {[%clk 00:42:28]} {[%emt 00:02:56]}
19. Qxa6 {[%clk 00:47:04]} {[%emt 00:00:53]} e5 {[%clk 00:41:02]} {[%emt
00:01:57]} 20. Bg3 {[%clk 00:40:18]} {[%emt 00:07:17]} exd4 {[%clk 00:31:48]}
{[%emt 00:09:44]} 21. exd4 {[%clk 00:39:25]} {[%emt 00:01:22]} Qc8 {[%clk
00:30:26]} {[%emt 00:01:51]} 22. Qa4 {[%clk 00:35:24]} {[%emt 00:04:30]} Qb7
{[%clk 00:28:29]} {[%emt 00:02:28]} 23. b3 {[%clk 00:31:26]} {[%emt 00:04:28]}
Rfc8 {[%clk 00:27:32]} {[%emt 00:01:27]} 24. Rfd1 {[%clk 00:28:39]} {[%emt
00:03:17]} Qb5 {[%clk 00:26:23]} {[%emt 00:01:39]} 25. Qxb5 {[%clk 00:25:41]}
{[%emt 00:03:29]} cxb5 {[%clk 00:26:46]} {[%emt 00:00:06]} 26. Rc5 {[%clk
00:25:49]} {[%emt 00:00:22]} Bxd4 {[%clk 00:11:33]} {[%emt 00:15:44]} 27. Rxb5
{[%clk 00:22:18]} {[%emt 00:04:01]} Bb6 {[%clk 00:08:11]} {[%emt 00:03:52]} 28.
Rbxd5 {[%clk 00:21:24]} {[%emt 00:01:24]} Rc2 {[%clk 00:07:55]} {[%emt
00:00:46]} 29. R5d2 {[%clk 00:18:02]} {[%emt 00:03:52]} Rac8 {[%clk 00:07:53]}
{[%emt 00:00:31]} 30. Kf1 {[%clk 00:17:48]} {[%emt 00:00:45]} Rxd2 {[%clk
00:07:24]} {[%emt 00:01:00]} 31. Rxd2 {[%clk 00:18:05]} {[%emt 00:00:12]} Rc1+
{[%clk 00:07:29]} {[%emt 00:00:25]} 32. Ke2 {[%clk 00:17:54]} {[%emt 00:00:42]}
Ba5 {[%clk 00:07:12]} {[%emt 00:00:46]} 33. Rd7 {[%clk 00:08:24]} {[%emt
00:10:00]} Rc2+ {[%clk 00:06:36]} {[%emt 00:01:06]} 34. Kf3 {[%clk 00:08:35]}
{[%emt 00:00:17]} Bb6 {[%clk 00:06:18]} {[%emt 00:00:50]} 35. Re7 {[%clk
00:06:50]} {[%emt 00:02:15]} Rxa2 {[%clk 00:05:40]} {[%emt 00:01:09]} 36. b4
{[%clk 00:04:26]} {[%emt 00:02:55]} Ra3+ {[%clk 00:04:32]} {[%emt 00:01:37]}
37. Kg4 {[%clk 00:04:21]} {[%emt 00:00:35]} Ra4 {[%clk 00:02:23]} {[%emt
00:02:38]} 38. Re8+ {[%clk 00:03:17]} {[%emt 00:01:35]} Kh7 {[%clk 00:01:07]}
{[%emt 00:01:46]} 39. Be5 {[%clk 00:03:16]} {[%emt 00:00:31]} f5+ {[%clk
00:00:58]} {[%emt 00:00:39]} 40. Kh4 {[%clk 00:01:44]} {[%emt 00:02:02]} Bxf2+
{[%clk 00:01:05]} {[%emt 00:00:23]} 41. Kh3 {[%clk 00:01:05]} {[%emt 00:01:08]}
g5 {[%clk 00:01:18]} {[%emt 00:00:18]} 42. Re7+ {[%clk 00:01:01]} {[%emt
00:00:34]} Kg8 {[%clk 00:01:16]} {[%emt 00:00:31]} 43. g3 {[%clk 00:01:06]}
{[%emt 00:00:24]} Rxb4 {[%clk 00:00:39]} {[%emt 00:01:09]} 44. Rg7+ {[%clk
00:30:14]} {[%emt 00:01:21]} Kf8 {[%clk 00:30:49]} {[%emt 00:00:21]} 45. Rxa7
{[%clk 00:24:41]} {[%emt 00:06:03]} Bxa7 {[%clk 00:30:56]} {[%emt 00:00:22]}
46. Bd6+ {[%clk 00:25:03]} {[%emt 00:00:07]} Kf7 {[%clk 00:31:02]} {[%emt
00:00:25]} 47. Bxb4 {[%clk 00:25:28]} {[%emt 00:00:05]} h5 {[%clk 00:28:38]}
{[%emt 00:02:55]} 48. Bd2 {[%clk 00:23:34]} {[%emt 00:02:23]} Kg6 {[%clk
00:28:07]} {[%emt 00:01:01]} 49. Kg2 {[%clk 00:23:16]} {[%emt 00:00:48]} Bb8
{[%clk 00:27:47]} {[%emt 00:00:50]} 50. h3 {[%clk 00:22:37]} {[%emt 00:01:10]}
Kf6 {[%clk 00:24:07]} {[%emt 00:04:09]} 51. Bc3+ {[%clk 00:19:24]} {[%emt
00:03:44]} Be5 {[%clk 00:22:43]} {[%emt 00:01:55]} 52. Bd2 {[%clk 00:19:00]}
{[%emt 00:00:53]} Bd6 {[%clk 00:22:35]} {[%emt 00:00:37]} 53. Bc3+ {[%clk
00:18:02]} {[%emt 00:01:28]} Ke6 {[%clk 00:22:51]} {[%emt 00:00:14]} 54. Bd2
{[%clk 00:18:01]} {[%emt 00:00:31]} Be7 {[%clk 00:23:05]} {[%emt 00:00:16]} 55.
Bc1 {[%clk 00:17:33]} {[%emt 00:00:58]} Ke5 {[%clk 00:23:03]} {[%emt 00:00:32]}
56. Bb2+ {[%clk 00:17:14]} {[%emt 00:00:48]} Ke4 {[%clk 00:23:14]} {[%emt
00:00:20]} 57. Bc1 {[%clk 00:16:37]} {[%emt 00:01:05]} Kd3 {[%clk 00:22:40]}
{[%emt 00:01:05]} 58. Kf3 {[%clk 00:14:39]} {[%emt 00:02:29]} Bd8 {[%clk
00:21:56]} {[%emt 00:01:13]} 59. g4 {[%clk 00:12:35]} {[%emt 00:02:34]} 1/2-1/2

[Event "Deutsche Ländermeisterschaft 2022"]
[Site "Wiesbaden GER"]
[Date "2022.10.01"]
[Round "2"]
[White "Krastev, Alexander"]
[Black "Schmider, Niklas"]
[Result "1/2-1/2"]
[Termination "normal"]
[Board "3.1"]
[WhiteTitle "IM"]
[BlackTitle "FM"]
[WhiteElo "2431"]
[BlackElo "2407"]
[WhiteClock "00:14:57"]
[BlackClock "00:29:34"]
[WhiteTeam "Nordrhein-Westfalen"]
[BlackTeam "Baden 1"]
[PlyCount "86"]
[WhiteFideId "12989983"]
[BlackFideId "12993778"]
[EventCountry "GER"]
[EventRounds "7"]
[EventType "team-swiss"]
[EventDate "2022.09.30"]

1. e4 {[%clk 01:30:58]} {[%emt 00:00:02]} e5 {[%clk 01:30:49]} {[%emt
00:00:11]} 2. Nc3 {[%clk 01:31:02]} {[%emt 00:00:26]} Nc6 {[%clk 01:31:10]}
{[%emt 00:00:08]} 3. Bc4 {[%clk 01:31:17]} {[%emt 00:00:16]} Nf6 {[%clk
01:31:27]} {[%emt 00:00:13]} 4. d3 {[%clk 01:31:35]} {[%emt 00:00:12]} Na5
{[%clk 01:31:23]} {[%emt 00:00:32]} 5. Nge2 {[%clk 01:31:47]} {[%emt 00:00:19]}
Bc5 {[%clk 01:31:42]} {[%emt 00:00:09]} 6. O-O {[%clk 01:32:05]} {[%emt
00:00:13]} O-O {[%clk 01:31:21]} {[%emt 00:00:49]} 7. a4 {[%clk 01:31:44]}
{[%emt 00:00:53]} Nxc4 {[%clk 01:31:02]} {[%emt 00:00:49]} 8. dxc4 {[%clk
01:32:12]} {[%emt 00:00:02]} h6 {[%clk 01:30:10]} {[%emt 00:01:23]} 9. Ng3
{[%clk 01:23:27]} {[%emt 00:09:15]} d6 {[%clk 01:27:33]} {[%emt 00:03:07]} 10.
Be3 {[%clk 01:23:12]} {[%emt 00:00:46]} Bxe3 {[%clk 01:15:01]} {[%emt
00:13:02]} 11. fxe3 {[%clk 01:23:40]} {[%emt 00:00:01]} Be6 {[%clk 01:14:26]}
{[%emt 00:01:05]} 12. Nd5 {[%clk 01:14:42]} {[%emt 00:09:28]} Nxd5 {[%clk
01:14:12]} {[%emt 00:00:43]} 13. cxd5 {[%clk 01:15:05]} {[%emt 00:00:08]} Bd7
{[%clk 01:14:27]} {[%emt 00:00:14]} 14. a5 {[%clk 01:14:38]} {[%emt 00:00:58]}
g6 {[%clk 01:08:16]} {[%emt 00:06:40]} 15. Qd3 {[%clk 01:14:34]} {[%emt
00:00:35]} Qe7 {[%clk 01:03:05]} {[%emt 00:05:40]} 16. Rf2 {[%clk 01:12:06]}
{[%emt 00:02:59]} Rad8 {[%clk 00:56:25]} {[%emt 00:07:08]} 17. c4 {[%clk
01:03:04]} {[%emt 00:09:34]} c5 {[%clk 00:51:11]} {[%emt 00:05:43]} 18. Qc3
{[%clk 00:51:09]} {[%emt 00:12:26]} Rc8 {[%clk 00:39:51]} {[%emt 00:11:50]} 19.
Ne2 {[%clk 00:42:37]} {[%emt 00:09:02]} Rc7 {[%clk 00:29:43]} {[%emt 00:10:35]}
20. Qb3 {[%clk 00:37:35]} {[%emt 00:05:33]} Qg5 {[%clk 00:26:28]} {[%emt
00:03:45]} 21. Raf1 {[%clk 00:36:55]} {[%emt 00:01:11]} Bg4 {[%clk 00:26:02]}
{[%emt 00:00:56]} 22. Nc1 {[%clk 00:34:11]} {[%emt 00:03:14]} f5 {[%clk
00:20:35]} {[%emt 00:05:56]} 23. exf5 {[%clk 00:18:01]} {[%emt 00:16:41]} gxf5
{[%clk 00:20:22]} {[%emt 00:00:43]} 24. Ne2 {[%clk 00:16:52]} {[%emt 00:01:40]}
Rcf7 {[%clk 00:17:22]} {[%emt 00:03:28]} 25. Qd3 {[%clk 00:10:59]} {[%emt
00:06:24]} Bh5 {[%clk 00:15:24]} {[%emt 00:02:27]} 26. Nc3 {[%clk 00:10:38]}
{[%emt 00:00:51]} Bg6 {[%clk 00:12:53]} {[%emt 00:03:01]} 27. Qd2 {[%clk
00:10:56]} {[%emt 00:00:12]} Qd8 {[%clk 00:12:31]} {[%emt 00:00:52]} 28. Ne2
{[%clk 00:10:39]} {[%emt 00:00:47]} Qh4 {[%clk 00:10:19]} {[%emt 00:02:42]} 29.
b3 {[%clk 00:10:24]} {[%emt 00:00:46]} Kh7 {[%clk 00:09:21]} {[%emt 00:01:27]}
30. Nc3 {[%clk 00:08:19]} {[%emt 00:02:35]} a6 {[%clk 00:09:29]} {[%emt
00:00:22]} 31. Ne2 {[%clk 00:08:22]} {[%emt 00:00:28]} Rb8 {[%clk 00:08:39]}
{[%emt 00:01:20]} 32. Ng3 {[%clk 00:08:09]} {[%emt 00:00:43]} Qg4 {[%clk
00:07:57]} {[%emt 00:01:12]} 33. Rf3 {[%clk 00:06:48]} {[%emt 00:01:52]} b5
{[%clk 00:06:25]} {[%emt 00:02:03]} 34. axb6 {[%clk 00:07:03]} {[%emt
00:00:15]} Rxb6 {[%clk 00:06:47]} {[%emt 00:00:07]} 35. Qa5 {[%clk 00:06:04]}
{[%emt 00:01:29]} Rxb3 {[%clk 00:01:06]} {[%emt 00:06:11]} 36. Qxa6 {[%clk
00:06:33]} {[%emt 00:00:01]} Rf6 {[%clk 00:01:35]} {[%emt 00:00:01]} 37. h3
{[%clk 00:02:08]} {[%emt 00:04:55]} Qh4 {[%clk 00:01:28]} {[%emt 00:00:38]} 38.
Nxf5 {[%clk 00:01:51]} {[%emt 00:00:47]} Qg5 {[%clk 00:01:34]} {[%emt
00:00:24]} 39. Nxd6 {[%clk 00:00:34]} {[%emt 00:01:47]} Rb2 {[%clk 00:00:36]}
{[%emt 00:01:28]} 40. Qa7+ {[%clk 00:00:33]} {[%emt 00:00:31]} Kg8 {[%emt
00:00:34]} 41. Qa8+ {[%clk 00:14:58]} {[%emt 00:16:02]} Kh7 {[%clk 00:29:08]}
{[%emt 00:01:56]} 42. Qa7+ {[%clk 00:15:08]} {[%emt 00:00:21]} Kg8 {[%clk
00:29:13]} {[%emt 00:00:24]} 43. Qa8+ {[%clk 00:14:57]} {[%emt 00:00:41]} Kh7
{[%clk 00:29:34]} {[%emt 00:00:08]} 1/2-1/2